Quizzes
Events
Quiz Creation
Community
Videos
Private Events
Remove Ads
Sign In
Join for FREE
Feedback
Dark Mode
Quiz Categories
Sports
Geography
Music
Movies
Television
Just For Fun
Miscellaneous
History
Literature
Language
Science
Gaming
Entertainment
Religion
Holiday
For Kids
Quiz Lab
Recent
Popular Today
Quiz Kudos Today
Editor Picks
Curator Picks
Quizzes by...
Day
Popularity
Type
Ratings
Length
Year
Community
Subscriptions
Recent Discussions
Orange Saloon
Badges
Playlists
Quests
Create
Leaderboards
Showdown
Live 5
Trivia Bingo
Activity
Puzzle Library
Sporcle Events
Private Events
Virtual Trivia
Globe League
Become a Host
Pub Owners
SporcleCon
Opinionation
Our Games
Videos
Blog
Mobile Apps
Partnerships
Remove Ads and Go Orange
Feedback
Music
Pop Music
The Beatles
Song
Album
Lyrics
Bands
Singers
Artist
Clip
Rock
Rap
Classical
Billboard
Country Music
Kpop
Taylor Swift
Music
Pop Music
The Beatles
Song
Album
Lyrics
Bands
Singers
Artist
Clip
Rock
Rap
Classical
Billboard
Country Music
Kpop
Taylor Swift
Random Quiz
Search Sporcle
×
Quiz Lab
Quiz Lab
Music
1980s
Type in answers that appear in a list
Type in answers that appear in a list
Classic
Best Score? Go Orange.
1980s Songs Beginning With I Stats
Can you name the artists who sang these 80s songs?
By
Venom1989
7m
20 Questions
201 Plays
201 Plays
201 Plays
Comments
Comments
Give Quiz Kudos
Give Quiz Kudos
-
- Ratings
hide this ad
Replay
Link that replays current quiz
Next Quiz
Link to next quiz in quiz playlist
You Got
0%
They Got
Avg Score
81%
Avg Friend Score
Upgrade to see
Score Distribution
Jump to the score distribution portion of the page
Score
0/20
Timer
07:00
0
Plays Today
Song
Artist
% Correct
I Wanna Dance with Somebody
Whitney Houston
97%
I Love Rock N Roll
Joan Jett
96.5%
I Still Haven't Found What I'm Looking For
U2
94.5%
I'm Still Standing
Elton John
93%
I Want to Know What Love Is
Foreigner
93%
I Just Called to Say I Love You
Stevie Wonder
92.5%
I Want Your Sex
George Michael
92%
Invisible Touch
Genesis
91.5%
I Think We're Alone Now
Tiffany
91.5%
It's Still Rock and Roll to Me
Billy Joel
88.9%
Song
Artist
% Correct
I'm So Excited
The Pointer Sisters
87.9%
I Can't Go for That(No Can Do)
Hall & Oates
85.9%
I Want a New Drug
Huey Lewis and the News
85.4%
I Ran(So Far Away)
A Flock of Seagulls
84.9%
( I Just) Died in Your Arms
Cutting Crew
84.4%
I Didn't Mean to Turn You On
Robert Palmer
63.3%
I Love a Rainy Night
Eddie Rabbitt
62.3%
I Get Weak
Belinda Carlisle
55.8%
Infatuation
Rod Stewart
53.8%
I Miss You (1986)
Klymaxx
29.1%
Quiz Playlist
Details
Report
Send in Message
Add To Playlist
Classic:
Type in answers that appear in a list
Last Updated: Dec 22, 2018
Quiz Scoreboard
CHALLENGE
Sign Up to Join the Scoreboard
Show All
Scores
Hide
Comments
May contain spoilers
Recently Published
Movies - When Are They Set?
by FPL_Elf
Movies
5m
Popular People in 1961
by mucciniale
History
6m
1-10 Letter E Words III
by El_Dandy
Language
2m
More to Explore
Quiz From the Vault
Featured Blog Post
Where Did the Easter Bunny Come From?
hide this ad
You Might Also Like...
Tags
1980s
Music Tracks
Top Artists
Today's Top Quizzes in Music
Browse Music
hide this ad
Today's Top Quizzes in 1980s
Browse 1980s
Top Contributed Quizzes in Music
1
Taylor Swift All Songs (2024)
2
2010s Album by Cover III
3
Guess the Artist- 70s Songs
4
One Thing in Common: Music
5
Taylor Swift Logic Puzzle
6
Guess the Taylor Swift song (Mystery Song)
7
2010s Album by Cover IV
8
2010s Album by Cover V
9
KPOP LOGIC QUIZ
10
Kpop Logic Quiz
Explore More
Trending Topics
Anime
Kpop
Harry Potter
NBA
Crossword
Disney
Marvel
Pokémon
Puzzle
Country
WWE
Soccer
NFL
The Office
Song
hide this ad
More By:
Venom1989
Quiz
Plays
Rating
Category
Featured
Created
15 Songs With Like in the Title
8,416
4.68
Music
Mar 6, 2022
Missing Word: Hall of Fame Catchers
6,392
4.65
Just For Fun
Nov 3, 2020
WWE Wrestlers Who Have Won A Hell in a Cell Match
5,253
4.94
Sports
Dec 19, 2018
Missing Word: Hall of Fame Running Backs
4,367
4.58
Just For Fun
Jan 19, 2022
Missing Word: Hall of Fame Quarterbacks
4,049
4.69
Just For Fun
Jan 19, 2022
Go to Creator's Profile
Score Distribution
Quiz Creator Spotlight
Venom1989
Follow
Send a Message
Quizzes Created
-
Created Quiz Play Count
-
More By This Creator
Popular Quizzes Today
1
Find the Countries of Europe - No Outlines Minefield
2
Find the US States - No Outlines Minefield
3
The Countries of the World
4
Popular People in 1961
5
US States
6
1-10 Letter E Words III
7
Find the US States
8
One Thing in Common: World Cities II
More Music Quizzes
My Favorite Taylor Swift Lyrics
Quiz Lab
Trending Quizzes
Risky Map Clicking: Least Populous States A-Z
1-10 Letter F Words
1-10 Letter G Words
One Thing in Common: United Kingdom
Risky Map Clicking: Next State Alphabetically
Recently Updated
Leaping Animals
pecheneg
Reality TV Shows (A-Z)
bhenderson79
Rickey Henderson's Hall of Fame Teammates
pecheneg
Champions League XIs: Arsenal
pecheneg
Quick Pick: Celebrities in WWE's Hall of Fame
aduchscher
A-Z Keypad Blitz II
pecheneg
Multiple Oscar Actors
pecheneg
Mystery Phrase Blitz: Oscar 'Best Actors'
pecheneg
F. Scott Fitzgerald Novels
LTH
Pick 3 Villains
ddd62291
Trending Topics
Harry Potter
NBA
Disney
Anime
Crossword
Kpop
Marvel
Country
Pokémon
Soccer
WWE
NFL
The Office
Song
Puzzle
Your Account Isn't Verified!
In order to create a playlist on Sporcle, you need to verify the email address you used during registration. Go to your
Sporcle Settings
to finish the process.
Report this User
Report this user for behavior that violates our
Community Guidelines
.
Details:
Send Report
Go to the Sporcle.com Mobile Site →
Comments